| 000 | 00852nam a22003137a 4500 | ||
|---|---|---|---|
| 005 | 20251119180051.0 | ||
| 008 | 170817b2012 xxu||||| |||| 00| 0 spa d | ||
| 020 | _a9789586487399 | ||
| 041 | _aESP | ||
| 082 | _a617.643 H967o | ||
| 100 |
_aHurtado Sepúlveda, Camilo _943813 |
||
| 245 | _aOrtopedia maxilar integral | ||
| 260 | _aColombia | ||
| 260 | _bEco Ediciones | ||
| 260 | _c2012 | ||
| 300 | _a470 páginas | ||
| 300 | _bIlustraciones a color | ||
| 490 | _aMecánica Dental | ||
| 650 | _aORTOPEDIA MAXILAR | ||
| 650 | _aTERAPÉUTICA DENTAL | ||
| 650 | _aHABITO ORALES | ||
| 650 | _aFISIOLOGÍA ORAL | ||
| 650 | _aDIAGNÓSTICO CEFALOMÉTRICO | ||
| 650 | _aANÁLISIS FACIAL | ||
| 650 | _aCRECIMIENTO CRANEOFACIAL | ||
| 650 | _aTRATAMIENTO EN DENTICIÓN TEMPRANA | ||
| 650 | _aTRATAMIENTO DE MORDIDA | ||
| 942 |
_cBK _2ddc |
||
| 999 |
_c9745 _d9745 |
||